000 00512nam a2200193Ia 4500
003 GCL
008 140319s9999 xx 000 0 ara d
040 _aGCL /
_cGCL
082 0 4 _a155.633
_bن س
100 1 _aناهد رمزى
245 1 0 _aسيكلوجية المرأة /
_cناهد رمزى
260 _a[S.N] :
_bدار النهضة العربية ،
_c1983
300 _a387 ص
490 _a
650 0 4 _aالاسرة
650 0 4 _aالمرأة
650 0 4 _aعلم النفس
942 _2ddc
_cBK
999 _c36907
_d36907